| 000 | 00618nam a22002297a 4500 | ||
|---|---|---|---|
| 001 | 819 | ||
| 003 | UA-OsUOA | ||
| 005 | 20210621160154.0 | ||
| 007 | ta | ||
| 008 | 20050706b un ||||| |||| 00| 0 ukr d | ||
| 040 |
_aUA-OsUOA _bukr _cUA-OsUOA _dUA-OsUOA |
||
| 041 | _aukr | ||
| 080 | _a82.09(477) | ||
| 090 |
_a82.09(477) _bФ53 |
||
| 100 | _aФилипович П.П. | ||
| 245 | _aЛітературно-критичні статті | ||
| 260 |
_aК. _bДніпро _c1991 |
||
| 300 | _a268 с. | ||
| 650 | 7 |
_a82 Література. Літературознавство _2UDC |
|
| 942 |
_cBK _2udc |
||
| 955 | _a1 | ||
| 999 |
_c286985 _d286985 |
||